Arpentage, levé des plans, nivellement, tracé des routes / (Record no. 53693)

MARC details
000 -LEADER
campo de control de longitud fija 00499nam a2200157 i 4500
001 - NÚMERO DE CONTROL
campo de control 53693
003 - IDENTIFICADOR DE NÚMERO DE CONTROL
campo de control ES-MaACL
005 - FECHA Y HORA DE LA ÚLTIMA TRANSACCIÓN
campo de control 20230906162819.0
007 - CAMPO FIJO DE DESCRIPCIÓN FÍSICA--INFORMACIÓN GENERAL
campo de control de longitud fija t|
008 - DATOS DE LONGITUD FIJA--INFORMACIÓN GENERAL
campo de control de longitud fija 031107s1911 fr ||||1| fre d
100 1# - ENTRADA PRINCIPAL--NOMBRE DE PERSONA
Nombre de persona Gabriel, Edmond.
9 (RLIN) 53149
245 10 - MENCIÓN DEL TÍTULO
Título Arpentage, levé des plans, nivellement, tracé des routes /
Mención de responsabilidad, etc. par Edmond Gabriel.
260 ## - PUBLICACIÓN, DISTRIBUCIÓN, ETC.
Lugar de publicación, distribución, etc. Tours :
Nombre del editor, distribuidor, etc. Maison A. Mame et Fils ;
Lugar de publicación, distribución, etc. Paris :
Nombre del editor, distribuidor, etc. Maison Poussielgue,
Fecha de publicación, distribución, etc. 1911.
300 ## - DESCRIPCIÓN FÍSICA
Extensión XI, 372 p. :
Otras características físicas il. ;
Dimensiones 22 cm.
852 ## - LOCALIZACIÓN
Ubicación ES-MaACL
Número de control de estantería F-2136
Holdings
Estatus retirado Estado de pérdida Estado de daño No para préstamo Biblioteca de origen Biblioteca actual Ubicación en estantería Fecha de adquisición Fuente de adquisición Total de préstamos Signatura topográfica completa Código de barras Visto por última vez Precio de reemplazo Tipo de ítem Koha
        Biblioteca del Ateneo de Madrid Biblioteca del Ateneo de Madrid Depósito 2 17/01/2008     F-2136 1056420 23/02/2023 23/02/2023 Libro impreso